000 00658nam a2200229Ia 4500
003 GCL
008 140319s9999 xx 000 0 ara d
020 _a2305301977
040 _aGCL /
_cGCL
082 0 4 _a810.9
_bع ا
100 1 _aعلى شلش
245 1 0 _aاحمد ضيف /
_cعلى شلش
260 _aالقاهرة :
_bالهيئة المصرية العامة للكتاب ،
_c1992
300 _a203 ص ؛
_c19 سم
490 _aنقاد الادب
_v6
650 0 4 _aالنقد
650 0 4 _aالتراجم الادبية
650 0 4 _aالتراجم
650 0 4 _aاحمد ضيف
650 0 4 _aتاريخ ونقد
942 _2ddc
_cBK
999 _c28521
_d28521